LEADER 01728nam0 22003613i 450 001 VAN0238228 005 20220505095008.670 017 70$2N$a9783030405977 100 $a20220125d2020 |0itac50 ba 101 $aeng 102 $aCH 105 $a|||| ||||| 200 1 $aGeodynamic Evolution of the Indian Shield: Geophysical Aspects$fOm Prakash Pandey 210 $aCham$cSpringer$d2020 215 $aXVIII, 349 p.$cill.$d24 cm 410 1$1001VAN0238233$12001 $aSociety of Earth Scientists Series$1210 $aCham$cSpringer$d2013- 620 $aCH$dCham$3VANL001889 676 $a551.9$cGeochimica$v22 676 $a550$cScienze della terra e geologia - Geofisica$v22 676 $a551.8$cGeologia strutturale. Deformazione, diastrofismo, epirogenesi, tettonica$v22 700 1$aPandey$bOm P.$3VANV195270$01074476 712 $aSpringer $3VANV108073$4650 790 1$aPandey, Om Prakash$zPandey, Om P.$3VANV195271 790 1$aPandey, O. P.$zPandey, Om P.$3VANV195272 790 1$aPandey, O.P.$zPandey, Om P.$3VANV200954 801 $aIT$bSOL$c20240614$gRICA 856 4 $uhttps://link.springer.com/book/10.1007/978-3-030-40597-7$zE-book - Accesso al full-text attraverso riconoscimento IP di Ateneo, proxy e/o Shibboleth 899 $aBIBLIOTECA DEL DIPARTIMENTO DI SCIENZE E TECNOLOGIE AMBIENTALI BIOLOGICHE E FARMACEUTICHE$1IT-CE0101$2VAN17 912 $fN 912 $aVAN0238228 950 $aBIBLIOTECA DEL DIPARTIMENTO DI SCIENZE E TECNOLOGIE AMBIENTALI BIOLOGICHE E FARMACEUTICHE$d17CONS e-book 2223 $e17BIB2223/481 481 20220125 996 $aGeodynamic Evolution of the Indian Shield: Geophysical Aspects$92573063 997 $aUNICAMPANIA